000 00870nam a2200277Ia 4500
003 OSt
005 20220918170728.0
006 a|||||r|||| 00| 0
007 ta
008 220917b |||||||| |||| 00| 0 eng d
020 _a9780415778176 (hbk)
_c5496.75
024 _a244,010
037 _b9590, 13/08/2010, Elite Publishers Distributors
_cTextual
040 _aARTS
_cARTS
_beng
041 _2eng
_aeng
082 _aO111973:gN, Q0
100 _aLeitch Vincent B.
_930733
245 0 _aAmerican literary criticism since the 1930s
250 _a2nd
260 _aLondon
_bRoutledge UK
_c2010
300 _axii, 420p.
_ccm.
490 _aPraise for the first edition
650 _aENGLISH LITERATURE
942 _hO111973:gN, Q0
_cTEXL
_2CC
999 _c135411
_d135411